Wszystkie stacje i przystanki kolejowe w Polsce z "Miasto" w nazwie - Statystyki

Ogólne statystyki
  • Ten quiz został rozwiązany 196 razy
  • Średni wynik to 6 z 30
Statystyki odpowiedzi
Hint Odpowiedź % Poprawnych
DS Wałbrzych Miasto
58%
DS Kłodzko Miasto
47%
KP Toruń Miasto
40%
LU Puławy Miasto
38%
WM Iława Miasto
36%
MZ Mława Miasto
35%
SL Będzin Miasto
34%
LU Hrubieszów Miasto
31%
DS Świdnica Miasto
28%
LU Chełm Miasto
27%
SL Chorzów Miasto
26%
LU Świdnik Miasto
24%
DS Zgorzelec Miasto
23%
PK Krosno Miasto
21%
LU Krasnystaw Miasto
18%
WP Oborniki Wielkopolskie Miasto
17%
MZ Warka Miasto
15%
OP Głuchołazy Miasto
13%
PK Sanok Miasto
13%
MZ Mordy Miasto
10%
MP Bobowa Miasto
9%
DS Rudna Miasto
9%
LD Wieruszów Miasto
9%
LB Rzepin Miasto
8%
WP Jastrowie Miasto
7%
MP Słomniki Miasto
7%
WM Dobre Miasto
6%
LD Ozorków Nowe Miasto
6%
PD Białystok Nowe Miasto
5%
PK Zaklików Miasto
5%
Nie znaleziono quizów pasujących do podanych kryteriów
Rozkład punktacji
Procent ludzi z każdym wynikiem
Percentyl według liczby udzielonych odpowiedzi
Twoja historia wyników
Nie rozwiązałeś tego quizu